Komparácia slovenského poľnohospodárstva s EÚ a s krajinami CEFTA

Stav poľnohospodárskych zvierat a hydiny na Slovensku. Produkcia poľnohospodárskych produktov, trhové ceny. Štatistické porovnanie.

Gespeichert in:
Bibliographische Detailangaben
Format: Buchkapitel
Sprache:Slowakisch
Schlagworte:
Tags: Tag hinzufügen
Keine Tags, Fügen Sie das erste Tag hinzu!

MARC

LEADER 00000naa$a2200000$$$4500
001 0004150
005 20231004074630.0
041 0 |a slo 
044 |a SK 
245 1 0 |a Komparácia slovenského poľnohospodárstva s EÚ a s krajinami CEFTA 
520 |a Stav poľnohospodárskych zvierat a hydiny na Slovensku. Produkcia poľnohospodárskych produktov, trhové ceny. Štatistické porovnanie. 
610 2 0 |a poľnohospodárstvo 
610 2 0 |a produkty 
610 2 0 |a produkcia 
610 2 0 |a ceny trhové 
610 2 0 |a porovnanie štatistické medzinárodné 
610 2 0 |a Slovensko 
610 2 0 |a Európska únia 
610 2 0 |a CEFTA